000 00884nas a2200289 4500
001 BR9202542
003 BR-BrBNA
005 20231205092517.0
007 ta
008 230509b bl.|||p| |||| 00| 00por d
040 _aBR-BrBNA
_bpor
_cBiblioteca Nacional de Agricultura
041 _a(Pt)
072 _aL73
100 1 _aNascimento, A.M.L.C.
100 1 _aTravassos, T.E.
100 1 _aNascimento, S.J. do
100 1 _aPereira, L.J.G.
245 1 _aPresenca do Mammomonogamus laryngeus (Railliet, 1899), em veado (Cervus rufus), no Recife
650 _aVEADO
650 _aREBANHO
650 _aDOENCA ANIMAL
650 _aPARASITO DE ANIMAL
650 _aPERNAMBUCO
773 0 _tCaderno Omega. Pesquisa e Pos-Graduacao (Brazil)
_xISSN 0100-2732
_g(Jan-Jul 1980), v. 4(1) p. 29-35
_wBR9202542
909 _a202311
_bLúcia
_c55
_dLúcia Elande
942 _2AGRIS
_n0
_cANA
999 _c132245
_d132245